| 000 | 01008nam a2200241 i 4500 | ||
|---|---|---|---|
| 001 | 30016 | ||
| 003 | ES-MaACL | ||
| 005 | 20250730063053.0 | ||
| 007 | t| | ||
| 008 | 030123s1918 sp ||||1| spa d | ||
| 100 | 1 |
_aBarros, Bernardo G., _d1890-1922 _926046 |
|
| 245 | 1 | 3 |
_aLa caricatura contemporánea _b: Francia, Italia, España, Portugal, Inglaterra y otras naciones de América / _cBernardo G. Barros. |
| 260 |
_aMadrid : _b[Juan Pueyo, _c1918] |
||
| 300 |
_a2 v. ; _c19 cm. |
||
| 490 | 1 | _aBiblioteca Andrés Bello | |
| 505 | 8 | _aContiene: t. 1. El arte humorístico. Alemania. Francia (268 p.) -- t. 2. Italia. España. Portugal. Inglaterra. Otras naciones. América (293 p.) | |
| 530 | _aDisponible en formato digital. | ||
| 830 | 0 |
_aBiblioteca Andrés Bello _9182215 |
|
| 852 |
_aES-MaACL _jF-6645-46 _cDEPO2 _zRevisado enlace: 1 de Junio |
||
| 856 | 4 |
_uhttp://bdh-rd.bne.es/viewer.vm?id=0000251635&page=1 _yBiblioteca Digital Hispánica |
|
| 942 | _2udc | ||
| 999 |
_c30016 _d30016 |
||